| 000 | 00713cam a2200229 4500 | ||
|---|---|---|---|
| 001 | WB3541-15 | ||
| 008 | 000000n1999 000 0 eng u | ||
| 035 | _a(Sirsi) u100582 | ||
| 245 | _aCheap home loans study | ||
| 260 | _c1999 | ||
| 490 |
_aGuardian _v 18 October 1999, 22(1) |
||
| 520 | _aA study by Business Strategies forecasts that base rates will fall to 4% over the next three years. Considers the likely effect of that on mortgages and the housing market. | ||
| 590 | _aWB | ||
| 650 | _aBANK OF ENGLAND | ||
| 650 | _aBASE RATES | ||
| 650 | _aMORTGAGE REPAYMENTS | ||
| 650 | _aNORTH-SOUTH DIVIDE | ||
| 650 | _aFORECASTS | ||
| 650 | _aINFLATION | ||
| 690 | _aHOUSING-FINANCE | ||
| 942 | _n0 | ||
| 999 |
_c60174 _d60174 |
||